2000 1499 1921 1911 1636 1032 1674 1645 1913 1694 1120 1059 1046 1388 1903 1256 1684 1582 1287 1510 1351 1672 1657 1928 1895 1437 1710 1894 1482 1662 1475 1285 1673 1765 1360 1883 1817 1736 1872 1043 1284 1781 1978 1750 1957 1844 1330 1591 1997 1963 1630 1068 1401 1921 1467 1038 1445 1745 1494 1882 1906 1882 1854 1238 1829 1207 1047 1906 1078 1721 1791 1296 1579 1658 1536 1523 1265 1677 1878 1970 1117 1165 1451 1613 1898 1075 1091 1924 1413 1744 1122 1390 1671 1507 1983 1255 1653 1264 1491 BCNSPRNW ULIB Ver.6.0+V

เปลี่ยนเป็นภาษาไทย

Change to English
 แสดงรายละเอียดบรรณานุกรม
  กลับหน้าหลัก

Brief Record : Get Marc (ISO 2709) : E-mail record : QR code < ปิดหน้าต่าง
LEADER : 00000nam 2200000uu 4500
001    13399121436
003     ULIB
008    120322s2551||||th 000 0 tha d
020    ^a9789744750983
090    ^aนว.^bท363ห
100 0  ^aทัศนาวดี
245 00 ^aหมู่บ้านแอโรบิก/^cทัศนาวดี
250    ^aพิมพ์ครั้งที่ 1
260    ^aกรุงเทพฯ :^bแพรวสำนักพิมพ์,^c2551
300    ^a137 หน้า
710 1  ^aแพรวสำนักพิมพ์
945    ^p110^l0^i15026
995    ^aทศพร
999    ^aใช้งานได้ทุกระบบ
รายการนี้ยังไม่มีแท็ก
คุณยังไม่ได้ล็อกอิน คุณสามารถมีกิจกรรมร่วมกับเว็บไซต์ได้ แต่ต้องล็อกอินก่อน ::
  ล็อกอิน

รายการสื่อสารสนเทศ

ลำดับที่ ประเภท เลขเรียก/บาร์โค้ด สถานที่ สถานะ
1. นวนิยาย
นวนิยาย
นว. ท363ห ฉ.1 
  Barcode: 15026
ห้องสมุดวิทยาเขตสวรรค์ประชารักษ์
►นวนิยาย
บนชั้น
  ขอยืม

BibComment


ยังไม่เคยถูกคอมเมนท์

คอมเมนท์ทรัพยากรรายการนี้
  คอมเมนท์: หมู่บ้านแอโรบิก ..


 Copyright 2026. Bcnsprnw @Library